00336pab a2200133 454500008004000000100001400040245002400054260000900078300000900087362001100096650005300107650002200160773002000182180718b1995 xxu||||| |||| 00| 0 eng d aSahay, S. aGovernor vs speaker c1995 ap.13 a28 Jun aLegislative Officers - Powers and duties - India aGovernors - India aHindustan Times